[Event "4NCL Online Division 3"]
[Site "online"]
[Date "2020.05.26"]
[Round "8.102"]
[White "Singh, Amrik J"]
[Black "Keady, Mark A"]
[Result "0-1"]
[WhiteElo "1870"]
[BlackElo "1952"]
[PlyCount "76"]
[EventDate "2020.05.26"]
[WhiteTeam "Warley Mighty Quins"]
[BlackTeam "Shropshire 2"]

1. e4 c5 2. f4 d6 3. Nf3 g6 4. c3 Nc6 5. d3 Bg7 6. Na3 Bd7 7. Nc2 b5 8. Be2 e6
9. O-O Nge7 10. Qe1 O-O 11. h3 a5 12. Rb1 b4 13. Bd2 Kh8 14. g4 Ng8 15. Qg3 Rb8
16. Ne3 Rb7 17. f5 Ne5 18. Ne1 Bb5 19. g5 exf5 20. exf5 gxf5 21. Nxf5 Ng6 22.
Nxg7 Kxg7 23. h4 Re7 24. Bf3 Ne5 25. Be4 d5 26. Bf4 Rfe8 27. Bf5 Ng6 28. Bd6
Re3 29. Rf3 Rxe1+ 30. Rxe1 Rxe1+ 31. Qxe1 Qxd6 32. h5 N6e7 33. Bxh7 Kxh7 34.
Rxf7+ Kh8 35. Qh4 Be8 36. g6 Bxf7 37. gxf7 Nf5 38. Qg5 Ngh6 0-1

[Event "4NCL Online Division 3"]
[Site "online"]
[Date "2020.05.26"]
[Round "8.103"]
[White "Lewis, Christopher D"]
[Black "Turner, Jon"]
[Result "1-0"]
[WhiteElo "1930"]
[BlackElo "1885"]
[PlyCount "47"]
[EventDate "2020.05.26"]
[WhiteTeam "Shropshire 2"]
[BlackTeam "Warley Mighty Quins"]

1. e4 d5 2. exd5 Qxd5 3. Nc3 Qa5 4. Nf3 Nf6 5. d4 c6 6. Bd2 Bg4 7. Be2 Nbd7 8.
O-O e6 9. Ne5 Bf5 10. f4 h5 11. Ne4 Qc7 12. Ng5 Nxe5 13. fxe5 Ne4 14. Nxe4 Bxe4
15. Bxh5 g6 16. Bf3 Bd5 17. Bxd5 cxd5 18. c3 O-O-O 19. Bg5 Rd7 20. Qa4 Kb8 21.
Rxf7 Be7 22. Raf1 Qd8 23. Bxe7 Rxe7 24. Qb4 1-0

[Event "4NCL Online Division 3"]
[Site "online"]
[Date "2020.05.26"]
[Round "8.104"]
[White "Emery, Ian"]
[Black "Ilesanmi, Olusegun"]
[Result "0-1"]
[WhiteElo "1825"]
[BlackElo "1907"]
[PlyCount "56"]
[EventDate "2020.05.26"]
[WhiteTeam "Warley Mighty Quins"]
[BlackTeam "Shropshire 2"]

1. e4 e5 2. Nf3 Nc6 3. d4 exd4 4. Bc4 Nf6 5. O-O Nxe4 6. Re1 d5 7. Bxd5 Qxd5 8.
Nc3 Qa5 9. Nxe4 Be6 10. Bg5 h6 11. Bh4 Bb4 12. Re2 g5 13. a3 Be7 14. Bg3 O-O-O
15. b4 Qb5 16. Ned2 h5 17. Ne5 h4 18. Nxc6 Qxc6 19. b5 Qb6 20. Be5 f6 21. Bxc7
Kxc7 22. Qe1 Kd7 23. Nb3 Rhe8 24. Nxd4 Bc4 25. Rd2 Bb4 26. Nc6+ Bxd2 27. Qxd2+
Kc8 28. Nxd8 Re2 0-1

[Event "4NCL Online Division 3"]
[Site "online"]
[Date "2020.05.26"]
[Round "8.111"]
[White "Hylands, Liam M"]
[Black "Tymms, Jonathan DM"]
[Result "1-0"]
[WhiteElo "1912"]
[BlackElo "1937"]
[PlyCount "111"]
[EventDate "2020.05.26"]
[WhiteTeam "Streatham B"]
[BlackTeam "Wimbledon 2"]

1. e4 c5 2. Nf3 e6 3. d4 cxd4 4. Nxd4 a6 5. Bd3 Bc5 6. Nb3 Bb6 7. O-O Nc6 8.
Nc3 Nf6 9. Qe2 d6 10. Be3 O-O 11. Bxb6 Qxb6 12. Kh1 Ne5 13. Rad1 Bd7 14. f4
Nxd3 15. cxd3 Bc6 16. f5 a5 17. Rb1 a4 18. Nd2 Qc7 19. Qe3 d5 20. e5 Ng4 21.
Qg3 h5 22. h3 Qxe5 23. Rf4 Ne3 24. f6 g6 25. Nf3 Nf5 26. Qg5 Qd6 27. g4 Ng3+
28. Kg2 Kh7 29. Kxg3 Rg8 30. Qe5 Qf8 31. Ng5+ Kh8 32. Qc7 Be8 33. Ne2 Qh6 34.
Nxf7+ Bxf7 35. Qxf7 e5 36. Rf3 Raf8 37. Qxd5 h4+ 38. Kg2 Qd2 39. Qe4 Rf7 40.
Rbf1 Kh7 41. R1f2 Qg5 42. Nc3 Rd8 43. Qc4 Rdd7 44. Ne4 Qh6 45. g5 Qf8 46. Qxa4
Rd4 47. Qb5 Qd8 48. Qxe5 Rxd3 49. Rxd3 Qxd3 50. Rd2 Qe3 51. Qd5 Kg8 52. Nd6
Qg3+ 53. Kf1 Qxh3+ 54. Ke1 Qe3+ 55. Kd1 Qg1+ 56. Kc2 1-0

[Event "4NCL Online Division 3"]
[Site "online"]
[Date "2020.05.26"]
[Round "8.112"]
[White "Hernandez, Federico"]
[Black "French, Angus J"]
[Result "0-1"]
[WhiteElo "1795"]
[BlackElo "1952"]
[PlyCount "98"]
[EventDate "2020.05.26"]
[WhiteTeam "Wimbledon 2"]
[BlackTeam "Streatham B"]

1. e4 Nf6 2. e5 Nd5 3. c4 Nb6 4. d4 d6 5. f4 dxe5 6. fxe5 g6 7. Nf3 Bg7 8. Be2
c5 9. d5 Bg4 10. Bf4 N8d7 11. Ng5 Bxe2 12. Qxe2 Qb8 13. O-O Bxe5 14. Nxf7 Bxf4
15. Nxh8 Bxh2+ 16. Kh1 Qe5 17. Qf2 Nf6 18. Re1 Qh5 19. g4 Bg3+ 20. gxh5 Bxf2
21. Re2 Bd4 22. hxg6 Kd7 23. Nf7 Nxc4 24. Nc3 hxg6 25. Rae1 Re8 26. d6 e5 27.
Nb5 Bxb2 28. Nxa7 Rf8 29. Ng5 Nxd6 30. Rxb2 Rh8+ 31. Kg2 Nd5 32. Nb5 Nf4+ 33.
Kg1 Nd3 34. Rd1 c4 35. Rbb1 Rh4 36. Nxd6 Kxd6 37. Rxb7 Rg4+ 38. Kh2 Rxg5 39. a4
Kc5 40. Rb5+ Kd4 41. a5 c3 42. Rb8 e4 43. a6 Ra5 44. Ra8 Ke3 45. a7 c2 46.
Rxd3+ exd3 47. Re8+ Kd2 48. a8=Q Rxa8 49. Rxa8 c1=Q 0-1

[Event "4NCL Online Division 3"]
[Site "online"]
[Date "2020.05.26"]
[Round "8.113"]
[White "Smith, Martin G"]
[Black "Slonczuk, Pawel"]
[Result "1-0"]
[WhiteElo "1945"]
[BlackElo "1660"]
[PlyCount "93"]
[EventDate "2020.05.26"]
[WhiteTeam "Streatham B"]
[BlackTeam "Wimbledon 2"]

1. d4 e6 2. Nf3 f5 3. h3 Nf6 4. Bf4 b6 5. e3 Bb7 6. Be2 Bd6 7. Ne5 O-O 8. Rg1
Be7 9. c3 d6 10. Nd3 c5 11. Qb3 Bd5 12. c4 Bb7 13. dxc5 dxc5 14. Nc3 Nc6 15.
O-O-O Qc8 16. Ne5 Nxe5 17. Bxe5 Ne4 18. Nxe4 fxe4 19. f4 exf3 20. gxf3 Bf6 21.
Qc3 Bxe5 22. Qxe5 Rf7 23. Rd6 Qe8 24. Rxe6 Qd7 25. b3 Raf8 26. f4 Bc8 27. Bg4
Qc7 28. Rd6 Qe7 29. Be6 Bxe6 30. Rxe6 Qh4 31. Re8 Rxe8 32. Qxe8+ Rf8 33. Qe6+
Rf7 34. Rd1 Qf6 35. Qxf6 Rxf6 36. Rd8+ Rf8 37. Rxf8+ Kxf8 38. Kd2 Ke7 39. e4 g6
40. Ke3 Ke6 41. Kf3 h5 42. Ke3 a6 43. a3 a5 44. Kf3 Kf6 45. a4 Ke6 46. Kg3 Kf6
47. Kh4 1-0

[Event "4NCL Online Division 3"]
[Site "online"]
[Date "2020.05.26"]
[Round "8.114"]
[White "Brett, Alex I"]
[Black "Titorenko, Kostyantyn"]
[Result "0-1"]
[WhiteElo "1480"]
[BlackElo "1930"]
[PlyCount "50"]
[EventDate "2020.05.26"]
[WhiteTeam "Wimbledon 2"]
[BlackTeam "Streatham B"]

1. d4 Nf6 2. Bg5 d5 3. Bxf6 gxf6 4. e3 c5 5. dxc5 e6 6. Nf3 Bxc5 7. c4 dxc4 8.
Qxd8+ Kxd8 9. Bxc4 Ke7 10. O-O b6 11. Nbd2 Bb7 12. Rad1 Rg8 13. Bd3 h5 14. e4
Nd7 15. a3 Rad8 16. Nc4 f5 17. Rfe1 Nf6 18. Bc2 Bxe4 19. Bxe4 Nxe4 20. Kf1 Bxf2
21. Rxd8 Rxd8 22. Rc1 Bd4 23. Rd1 Bf6 24. Rc1 Rc8 25. b3 b5 0-1

[Event "4NCL Online Division 3"]
[Site "online"]
[Date "2020.05.26"]
[Round "8.121"]
[White "Scott, David A"]
[Black "Waterfield, John W"]
[Result "0-1"]
[WhiteElo "2122"]
[BlackElo "1943"]
[PlyCount "72"]
[EventDate "2020.05.26"]
[WhiteTeam "Surbiton 2"]
[BlackTeam "Abergavenny and Friends"]

1. d4 Nf6 2. Nf3 c5 3. d5 g6 4. Nc3 d6 5. e4 Bg7 6. Bc4 O-O 7. O-O a6 8. a4 Bg4
9. h3 Bxf3 10. Qxf3 Nbd7 11. Qd1 Ne8 12. Re1 Nc7 13. a5 b5 14. axb6 Nxb6 15.
Be2 e6 16. dxe6 fxe6 17. Be3 Qd7 18. Qd2 Qc6 19. Bh6 d5 20. Bxg7 Kxg7 21. exd5
exd5 22. Bf3 Rae8 23. Qg5 Qd6 24. Rad1 Ne6 25. Qe5+ Qxe5 26. Rxe5 d4 27. Rde1
dxc3 28. Rxe6 cxb2 29. Rxe8 Rxe8 30. Rb1 Nc4 31. Bd5 Nd2 32. Rxb2 Re1+ 33. Kh2
Nf1+ 34. Kg1 Ne3+ 35. Kh2 Nxd5 36. Ra2 Re6 0-1

[Event "4NCL Online Division 3"]
[Site "online"]
[Date "2020.05.26"]
[Round "8.122"]
[White "Parry, Matthew"]
[Black "Ratnesan, Rajeiv"]
[Result "0-1"]
[WhiteElo "1903"]
[BlackElo "1945"]
[PlyCount "82"]
[EventDate "2020.05.26"]
[WhiteTeam "Abergavenny and Friends"]
[BlackTeam "Surbiton 2"]

1. d4 b6 2. c4 Bb7 3. Nc3 e6 4. Nf3 f5 5. Bg5 Nf6 6. e3 Be7 7. Bd3 O-O 8. O-O
Qe8 9. Rc1 Qh5 10. Bf4 d6 11. h3 Nbd7 12. Ng5 Qg6 13. f3 e5 14. Ne6 exf4 15.
Nxf8 Rxf8 16. exf4 Nh5 17. Ne2 Ng3 18. Re1 Bh4 19. Qd2 Nxe2+ 20. Rxe2 Bxf3 21.
Re3 Bb7 22. d5 Bf6 23. Rce1 Bd4 24. Kh2 Bxe3 25. Qxe3 Nc5 26. Bb1 Qf7 27. b4
Nd7 28. Qe7 g6 29. a4 Qxe7 30. Rxe7 Rf7 31. Re3 Nf6 32. Kg3 c6 33. dxc6 Bxc6
34. Re6 Bxa4 35. Rxd6 Ne4+ 36. Bxe4 fxe4 37. Re6 Bc2 38. c5 bxc5 39. bxc5 Rc7
40. c6 a5 41. Re5 a4 0-1

[Event "4NCL Online Division 3"]
[Site "online"]
[Date "2020.05.26"]
[Round "8.123"]
[White "Bayly, Liam"]
[Black "Keene, Alan"]
[Result "0-1"]
[WhiteElo "1937"]
[BlackElo "1840"]
[PlyCount "83"]
[EventDate "2020.05.26"]
[WhiteTeam "Surbiton 2"]
[BlackTeam "Abergavenny and Friends"]

1. d4 Nf6 2. Nc3 d5 3. Bf4 e6 4. e3 Bd6 5. Qf3 O-O 6. Bd3 a6 7. g4 Bxf4 8. exf4
Nc6 9. Nge2 Nb4 10. g5 Nxd3+ 11. Qxd3 Ne8 12. O-O-O Nd6 13. h4 b5 14. Ng3 b4
15. Nce2 a5 16. Rdg1 a4 17. Kb1 Ba6 18. Qd1 Bc4 19. Nc1 a3 20. b3 Nb5 21. Qg4
Nc3+ 22. Ka1 Bb5 23. h5 Qe7 24. f5 exf5 25. Nxf5 Qe4 26. Qxe4 dxe4 27. Ne7+ Kh8
28. g6 fxg6 29. hxg6 h6 30. Rh5 Rae8 31. Rxh6+ gxh6 32. g7+ Kh7 33. gxf8=Q Rxf8
34. Rg2 Rf7 35. Ng6 Rg7 36. Nf4 Rxg2 37. Nxg2 Kg6 38. Nf4+ Kf5 39. Ng2 h5 40.
Ne3+ Kf4 41. Nc4 Bxc4 42. bxc4 0-1

[Event "4NCL Online Division 3"]
[Site "online"]
[Date "2020.05.26"]
[Round "8.124"]
[White "Morgans, Justin"]
[Black "Janota, Paul S"]
[Result "1-0"]
[WhiteElo "1618"]
[BlackElo "1844"]
[PlyCount "135"]
[EventDate "2020.05.26"]
[WhiteTeam "Abergavenny and Friends"]
[BlackTeam "Surbiton 2"]

1. e4 e5 2. Nf3 f5 3. d3 Nc6 4. Nc3 Bb4 5. Bd2 Nf6 6. exf5 d5 7. Be2 Bxf5 8.
O-O O-O 9. a3 Bxc3 10. Bxc3 d4 11. Bd2 Qd7 12. Bg5 Rae8 13. Nd2 e4 14. Bxf6
Rxf6 15. dxe4 Bxe4 16. Nxe4 Rxe4 17. Bd3 Rh4 18. Qe2 Qd6 19. g3 Ne5 20. f4 Nxd3
21. Qxd3 Rg4 22. Rae1 h5 23. Re5 h4 24. Rg5 Rxg5 25. fxg5 Rxf1+ 26. Kxf1 hxg3
27. hxg3 c5 28. g6 Qf6+ 29. Kg2 Qc6+ 30. Kh2 Qe6 31. b3 a6 32. a4 b6 33. Kg2
Qd5+ 34. Qf3 Qxf3+ 35. Kxf3 Kf8 36. Ke4 Ke7 37. Ke5 b5 38. axb5 axb5 39. g4 Kd7
40. Kd5 c4 41. bxc4 bxc4 42. Kxc4 Ke6 43. Kxd4 Kf6 44. Ke4 Kxg6 45. c4 Kf6 46.
c5 Ke6 47. c6 Kd6 48. Kf5 Kxc6 49. Kg6 Kd6 50. Kxg7 Ke5 51. g5 Ke6 52. g6 Ke7
53. Kh7 Kf8 54. g7+ Ke8 55. g8=Q+ Ke7 56. Qg1 Kf8 57. Qg6 Ke7 58. Qa6 Kf7 59.
Kh6 Ke7 60. Kg5 Kd7 61. Kf5 Ke7 62. Qb6 Kd7 63. Ke5 Ke7 64. Qb7+ Kf8 65. Ke6
Kg8 66. Kf6 Kh8 67. Kg6 Kg8 68. Qb8# 1-0

[Event "4NCL Online Division 3"]
[Site "online"]
[Date "2020.05.26"]
[Round "8.131"]
[White "Adams, Mark"]
[Black "Haydon, David L"]
[Result "1/2-1/2"]
[WhiteElo "1944"]
[BlackElo "2294"]
[PlyCount "92"]
[EventDate "2020.05.26"]
[WhiteTeam "The Full Ponty"]
[BlackTeam "Brentwood"]

1. e4 c6 2. Nf3 d5 3. exd5 cxd5 4. Ne5 Nc6 5. d4 Qb6 6. c3 Nxe5 7. dxe5 e6 8.
Bd3 Ne7 9. O-O Bd7 10. Qe2 Ng6 11. Kh1 Be7 12. f4 O-O 13. Nd2 f6 14. Nf3 fxe5
15. Nxe5 Nxe5 16. Qxe5 Rf6 17. Qe2 Bd6 18. Be3 Qc7 19. g3 Re8 20. Qc2 h6 21.
Rae1 e5 22. fxe5 Rxf1+ 23. Rxf1 Bxe5 24. Bf4 Bc6 25. Bxe5 Qxe5 26. Kg1 d4 27.
Bg6 Qe3+ 28. Qf2 Qxf2+ 29. Rxf2 Re1+ 30. Rf1 Re2 31. Rf2 Re1+ 32. Rf1 Rxf1+ 33.
Kxf1 Bb5+ 34. Kf2 dxc3 35. bxc3 Bc4 36. a3 Kf8 37. Ke3 Ke7 38. Kd4 Bg8 39. Ke5
Kd7 40. Be4 b6 41. Bd5 Bh7 42. Be6+ Kc6 43. Bf5 Bg8 44. Be6 Bh7 45. Bf5 Bg8 46.
Be6 Bh7 1/2-1/2

[Event "4NCL Online Division 3"]
[Site "online"]
[Date "2020.05.26"]
[Round "8.132"]
[White "Pert, Nina"]
[Black "Fletcher, John"]
[Result "1-0"]
[WhiteElo "1787"]
[BlackElo "1994"]
[PlyCount "103"]
[EventDate "2020.05.26"]
[WhiteTeam "Brentwood"]
[BlackTeam "The Full Ponty"]

1. e4 c5 2. Nf3 Nc6 3. Nc3 g6 4. d4 cxd4 5. Nxd4 Bg7 6. Be3 Nf6 7. Qd2 Ng4 8.
Nxc6 bxc6 9. Bd4 Bxd4 10. Qxd4 O-O 11. Be2 d6 12. f3 Nf6 13. g4 Qa5 14. h4 d5
15. e5 c5 16. Qd2 d4 17. Ne4 Qxd2+ 18. Nxd2 Nd5 19. Nb3 Ne3 20. Kd2 Rb8 21. Kc1
Be6 22. Rh2 Rfd8 23. h5 c4 24. Nc5 Bd5 25. hxg6 hxg6 26. a3 Kg7 27. f4 Rbc8 28.
Na6 d3 29. Bd1 Nxd1 30. Kxd1 Bf3+ 31. Kd2 Bxg4 32. Rah1 dxc2+ 33. Kxc2 Rh8 34.
Rxh8 Rxh8 35. Rxh8 Kxh8 36. Kc3 f6 37. Nc5 fxe5 38. fxe5 Be2 39. Ne6 Kh7 40.
Nf4 Bf1 41. Nd5 g5 42. Nxe7 g4 43. Nf5 Kg6 44. Ng3 Bg2 45. Kxc4 Kg5 46. Kc5 Bb7
47. Kd6 Bc8 48. e6 Kf6 49. e7 Kf7 50. b4 Ba6 51. a4 Bd3 52. Kd7 1-0

[Event "4NCL Online Division 3"]
[Site "online"]
[Date "2020.05.26"]
[Round "8.133"]
[White "Jones, Ian Robert"]
[Black "Molostvov, Dmitry M"]
[Result "1-0"]
[WhiteElo "1944"]
[BlackElo "1720"]
[PlyCount "53"]
[EventDate "2020.05.26"]
[WhiteTeam "The Full Ponty"]
[BlackTeam "Brentwood"]

1. e4 c5 2. Nf3 Nc6 3. b4 cxb4 4. d4 d5 5. exd5 Qxd5 6. c4 bxc3 7. Nxc3 Qd8 8.
d5 Nb8 9. Qb3 e6 10. Bb5+ Bd7 11. dxe6 fxe6 12. O-O Nc6 13. Re1 Be7 14. Bf4 h6
15. Rad1 Qc8 16. Ne5 Nxe5 17. Rxe5 Bxb5 18. Nxb5 Kf7 19. Rde1 g5 20. Rxe6 Kf8
21. Be5 Rh7 22. Nc7 Rb8 23. Rg6 Rf7 24. Ne6+ Qxe6 25. Rxe6 Bc5 26. Bxb8 Bxf2+
27. Kh1 1-0

[Event "4NCL Online Division 3"]
[Site "online"]
[Date "2020.05.26"]
[Round "8.134"]
[White "Pert, Max"]
[Black "Goldrick, Thomas G"]
[Result "0-1"]
[WhiteElo "1697"]
[BlackElo "1879"]
[PlyCount "76"]
[EventDate "2020.05.26"]
[WhiteTeam "Brentwood"]
[BlackTeam "The Full Ponty"]

1. d4 d5 2. Nf3 Nf6 3. c4 dxc4 4. Nc3 a6 5. a4 Bg4 6. e3 e5 7. Bxc4 exd4 8.
Qxd4 Qxd4 9. Nxd4 Bb4 10. O-O O-O 11. Bd2 Nbd7 12. h3 Ne5 13. Bb3 Bd7 14. Rad1
Rad8 15. Nd5 Nxd5 16. Bxd5 Bxd2 17. Rxd2 Bxa4 18. b3 Rxd5 19. bxa4 c5 20. Nb3
Rxd2 21. Nxd2 b5 22. axb5 axb5 23. Rb1 b4 24. Kf1 f5 25. Ke2 Kf7 26. f4 Nd7 27.
Nc4 Ke7 28. Kf3 Nf6 29. g4 g6 30. Ra1 Rd8 31. Ne5 Ke6 32. Rc1 Ne4 33. Ra1 Rd2
34. Ra6+ Kd5 35. gxf5 gxf5 36. Nd3 Rxd3 37. Ra8 Kc4 38. Rf8 Nd6 0-1

[Event "4NCL Online Division 3"]
[Site "online"]
[Date "2020.05.26"]
[Round "8.141"]
[White "Hosdurga, Chirag"]
[Black "Smith, Simon"]
[Result "1/2-1/2"]
[WhiteElo "2132"]
[BlackElo "1966"]
[PlyCount "81"]
[EventDate "2020.05.26"]
[WhiteTeam "The Rook1Es"]
[BlackTeam "Beverley Vikings"]

1. d4 Nf6 2. c4 g6 3. Nc3 d5 4. Nf3 Bg7 5. Bg5 Ne4 6. cxd5 Nxg5 7. Nxg5 e6 8.
Nf3 exd5 9. e3 O-O 10. g3 c6 11. Bg2 Bf5 12. O-O Nd7 13. b4 Nb6 14. Nd2 Bd3 15.
Re1 Qd6 16. Qb3 Bc4 17. Qb2 Rfe8 18. a4 Bd3 19. b5 c5 20. Qa3 Rac8 21. Rac1 Nc4
22. Nxc4 Bxc4 23. Ne4 dxe4 24. Rxc4 Qe6 25. Rxc5 Bf8 26. Ra1 Bxc5 27. dxc5 Red8
28. Qb4 f5 29. Bf1 Qe5 30. Rc1 Rc7 31. a5 Kg7 32. b6 axb6 33. axb6 Rcd7 34. c6
bxc6 35. Rxc6 Qd5 36. Qc3+ Kh6 37. Rc7 Rxc7 38. Qxc7 Qd6 39. Ba6 Qd1+ 40. Bf1
Qd6 41. Ba6 1/2-1/2

[Event "4NCL Online Division 3"]
[Site "online"]
[Date "2020.05.26"]
[Round "8.142"]
[White "Vleeshhouwer, Douglas"]
[Black "Gao, Ian"]
[Result "1-0"]
[WhiteElo "1960"]
[BlackElo "1907"]
[PlyCount "49"]
[EventDate "2020.05.26"]
[WhiteTeam "Beverley Vikings"]
[BlackTeam "The Rook1Es"]

1. b3 e5 2. Bb2 Nc6 3. e3 Nf6 4. Bb5 Bd6 5. Na3 a6 6. Bxc6 dxc6 7. Nc4 Qe7 8.
Ne2 O-O 9. O-O b5 10. Nxd6 cxd6 11. Ng3 a5 12. f4 a4 13. a3 Be6 14. h3 Qc7 15.
fxe5 dxe5 16. Rxf6 gxf6 17. Qh5 Qe7 18. Qh4 Rfe8 19. Nh5 Bf5 20. Rf1 Bg6 21.
Nxf6+ Kh8 22. Qg3 Kg7 23. Nxe8+ Rxe8 24. bxa4 bxa4 25. Rf4 1-0

[Event "4NCL Online Division 3"]
[Site "online"]
[Date "2020.05.26"]
[Round "8.143"]
[White "Walker, Max"]
[Black "Turner, Tim M"]
[Result "1-0"]
[WhiteElo "1945"]
[BlackElo "1915"]
[PlyCount "63"]
[EventDate "2020.05.26"]
[WhiteTeam "The Rook1Es"]
[BlackTeam "Beverley Vikings"]

1. e4 c5 2. Nf3 e6 3. d4 cxd4 4. Nxd4 Nc6 5. Nc3 Qc7 6. Be3 a6 7. Bd3 d6 8. O-O
Bd7 9. Qd2 Nf6 10. h3 Be7 11. f4 Rc8 12. Nf3 Na5 13. e5 Nd5 14. exd6 Bxd6 15.
Nxd5 exd5 16. Qf2 Nc4 17. Bd4 f6 18. Rae1+ Kf7 19. b3 Na3 20. Ng5+ Kg8 21. Ne6
Bxe6 22. Rxe6 Kf7 23. f5 Nb5 24. Bxb5 axb5 25. Qe2 Bc5 26. Qh5+ Kf8 27. Bxc5+
Qxc5+ 28. Kh1 g6 29. fxg6 d4 30. Rexf6+ Kg7 31. Rf7+ Kg8 32. gxh7+ 1-0

[Event "4NCL Online Division 3"]
[Site "online"]
[Date "2020.05.26"]
[Round "8.144"]
[White "Grice, Alec"]
[Black "Saunders, Aron"]
[Result "1-0"]
[WhiteElo "1682"]
[BlackElo "1847"]
[PlyCount "45"]
[EventDate "2020.05.26"]
[WhiteTeam "Beverley Vikings"]
[BlackTeam "The Rook1Es"]

1. e4 c6 2. d4 d5 3. e5 Bf5 4. h4 h5 5. Nf3 e6 6. c3 c5 7. Bg5 Qb6 8. Qa4+ Nc6
9. Bb5 Nge7 10. O-O a6 11. Na3 Rc8 12. dxc5 Qxc5 13. Be3 axb5 14. Nxb5 d4 15.
Nd6+ Kd7 16. Bxd4 Qd5 17. Bb6 Ng6 18. Nxf5 Ngxe5 19. Rad1 Nd3 20. Rxd3 Qxd3 21.
Rd1 Qxd1+ 22. Qxd1+ Ke8 23. N5d4 1-0

[Event "4NCL Online Division 3"]
[Site "online"]
[Date "2020.05.26"]
[Round "8.151"]
[White "Jina, Taran"]
[Black "Murphy, Sean J"]
[Result "1-0"]
[WhiteElo "2132"]
[BlackElo "1990"]
[PlyCount "119"]
[EventDate "2020.05.26"]
[WhiteTeam "Warwick University B"]
[BlackTeam "Cork"]

1. Nf3 d5 2. g3 c5 3. Bg2 Nc6 4. d4 Nf6 5. O-O cxd4 6. Nxd4 e5 7. Nxc6 bxc6 8.
c4 Be6 9. Qa4 Qd7 10. Rd1 Rc8 11. Nc3 d4 12. e3 c5 13. Qxd7+ Bxd7 14. Nd5 Nxd5
15. Bxd5 g6 16. f4 Bg7 17. Kg2 exf4 18. exd4 fxg3 19. Re1+ Kf8 20. Bf4 Bxd4 21.
Bd6+ Kg8 22. Re7 Bc6 23. Rf1 Bxd5+ 24. cxd5 f5 25. hxg3 h5 26. Rfe1 Rh7 27.
Rxh7 Kxh7 28. Re7+ Kg8 29. Rxa7 Bxb2 30. Be7 Rb8 31. Bxc5 Be5 32. d6 Rb2+ 33.
Kf3 Rd2 34. d7 Bf6 35. Bb6 g5 36. Ra8+ Kf7 37. d8=Q Bxd8 38. Bxd8 Rd3+ 39. Kf2
h4 40. gxh4 gxh4 41. Bxh4 Kg6 42. a4 Kh5 43. Bg3 Kg4 44. a5 Ra3 45. Rg8+ Kh5
46. Bc7 Kh4 47. Rg6 Kh5 48. Rg3 Ra4 49. Kf3 Kh4 50. Bd8+ Kh5 51. Rg5+ Kh6 52.
Rxf5 Kg6 53. Rf4 Ra2 54. Ke4 Rd2 55. Bb6 Kg5 56. Rf3 Ra2 57. Kd5 Kg4 58. Rf8
Ra1 59. Kc6 Rf1 60. Rxf1 1-0

[Event "4NCL Online Division 3"]
[Site "online"]
[Date "2020.05.26"]
[Round "8.152"]
[White "Lawrence, Simon"]
[Black "Bott, Simeon"]
[Result "0-1"]
[WhiteElo "1772"]
[BlackElo "1937"]
[PlyCount "110"]
[EventDate "2020.05.26"]
[WhiteTeam "Cork"]
[BlackTeam "Warwick University B"]

1. d4 Nf6 2. c4 e5 3. dxe5 Ng4 4. Nf3 Bc5 5. e3 Nc6 6. Be2 O-O 7. O-O Ngxe5 8.
Nxe5 Nxe5 9. Nc3 Re8 10. e4 d6 11. Bf4 b6 12. a3 a5 13. Na4 Rb8 14. Rb1 Nc6 15.
Nxc5 bxc5 16. Bd3 Qf6 17. Bg3 Rxb2 18. Rxb2 Qxb2 19. Qa4 Bd7 20. Rb1 Qd4 21.
Qc2 h5 22. h4 Ne7 23. Rd1 Qf6 24. e5 Qh6 25. exd6 cxd6 26. Bxd6 Ng6 27. Bxg6
Qxg6 28. Qxg6 fxg6 29. Bxc5 Be6 30. Bb6 Bxc4 31. Bxa5 Re4 32. Rd7 Rxh4 33. Bc3
Bf7 34. Rd8+ Kh7 35. Rf8 Bb3 36. Rb8 Bf7 37. Rb7 Kg8 38. Bb4 Rc4 39. Rb8+ Kh7
40. a4 Rc1+ 41. Kh2 Ra1 42. a5 g5 43. Rb5 Ra2 44. Rxg5 Rxf2 45. Bc3 g6 46. Rc5
Kh6 47. a6 Ra2 48. Ba5 Be8 49. a7 Bc6 50. Bb6 Bxg2 51. Kg3 Bh1 52. Rc7 g5 53.
Bd4 Rg2+ 54. Kf3 Rc2+ 55. Ke3 Rxc7 0-1

[Event "4NCL Online Division 3"]
[Site "online"]
[Date "2020.05.26"]
[Round "8.153"]
[White "Chiu, Chun"]
[Black "Foran, Barry"]
[Result "1/2-1/2"]
[WhiteElo "1397"]
[BlackElo "1605"]
[PlyCount "89"]
[EventDate "2020.05.26"]
[WhiteTeam "Warwick University B"]
[BlackTeam "Cork"]

1. d4 c6 2. c4 d5 3. Nf3 Nf6 4. e3 Bf5 5. cxd5 cxd5 6. Bd3 Bxd3 7. Qxd3 e6 8.
O-O Nc6 9. Qb5 Qd7 10. Ne5 Nxe5 11. Qxd7+ Nexd7 12. Nd2 Bb4 13. Nf3 O-O 14. a3
Bd6 15. b4 a5 16. b5 Rfc8 17. a4 Rc2 18. Ba3 Bxa3 19. Rxa3 Rac8 20. h3 Ne4 21.
g4 f6 22. Ne1 R2c3 23. Ra2 Nb6 24. f3 Nd6 25. e4 dxe4 26. fxe4 Nxe4 27. Re2 Ng3
28. Rxe6 Nxf1 29. Rxb6 Nd2 30. Rxb7 Rxh3 31. Re7 Rc1 32. b6 Rb3 33. Kf2 Rxb6
34. Nd3 Rd6 35. Nxc1 Rxd4 36. Ke3 Rd6 37. Rc7 Nb1 38. Nb3 Na3 39. Rc3 Nb1 40.
Rc7 Rd8 41. Rc5 Na3 42. Rc3 Nb1 43. Rc5 Na3 44. Rc3 Nb1 45. Rc5 1/2-1/2

[Event "4NCL Online Division 3"]
[Site "online"]
[Date "2020.05.26"]
[Round "8.154"]
[White "Bradley, Michael"]
[Black "Fakhoury, Ziad Oussma"]
[Result "1-0"]
[WhiteElo "1411"]
[BlackElo "1450"]
[PlyCount "69"]
[EventDate "2020.05.26"]
[WhiteTeam "Cork"]
[BlackTeam "Warwick University B"]

1. e4 e6 2. f4 d5 3. e5 c5 4. Nf3 Nc6 5. c3 Bd7 6. Na3 Nh6 7. g3 f6 8. Bg2 fxe5
9. fxe5 a6 10. O-O Nf5 11. b3 Qc7 12. Qe2 Be7 13. Nc2 b5 14. Rb1 h5 15. b4 c4
16. d4 cxd3 17. Qxd3 Nxe5 18. Nxe5 Qxe5 19. Bf4 Qf6 20. Nd4 O-O 21. Be3 Qe5 22.
Nxf5 Rxf5 23. Rxf5 exf5 24. Bxd5+ Kh8 25. Bxa8 Be6 26. Bd4 Qb8 27. Qf3 Qd8 28.
Qxh5+ Kg8 29. Qf3 Bxa2 30. Re1 Bxb4 31. Bb7 Ba5 32. Qxf5 b4 33. Qg6 Qf8 34. Re8
Bf7 35. Qxg7# 1-0

[Event "4NCL Online Division 3"]
[Site "online"]
[Date "2020.05.26"]
[Round "8.161"]
[White "Pigott, Darrell N"]
[Black "Fewell, Ewan"]
[Result "0-1"]
[WhiteElo "1900"]
[BlackElo "1907"]
[PlyCount "98"]
[EventDate "2020.05.26"]
[WhiteTeam "Watford 2"]
[BlackTeam "Nottingham University 1"]

1. e4 e5 2. Nf3 Nc6 3. Bb5 a6 4. Ba4 Nf6 5. O-O b5 6. Bb3 Bc5 7. c3 d6 8. d4
Bb6 9. h3 O-O 10. Bg5 h6 11. Bh4 g5 12. dxe5 Nxe5 13. Nxe5 dxe5 14. Qxd8 Rxd8
15. Bg3 Bb7 16. a4 Nxe4 17. Bxe5 Re8 18. Bh2 Nxf2 19. Bxf7+ Kxf7 20. a5 Ba7 21.
Bg3 Re2 22. Bxf2 Kg6 23. Na3 Rxb2 24. Rae1 Rd8 25. Re6+ Kh7 26. Re7+ Kg8 27.
Rxc7 Rxf2 28. Rxb7 Rf7+ 29. Rxa7 Rxa7 30. Nc2 Rd3 31. Rf6 Rxc3 32. Nb4 Kg7 33.
Rb6 Ra3 34. Nxa6 Rxa5 35. Nc5 Ra1+ 36. Kh2 Rb1 37. Ne6+ Kh7 38. Nf8+ Kg7 39.
Ne6+ Kg8 40. Rb8+ Kf7 41. Nd8+ Kf6 42. Rb6+ Kf5 43. Rxh6 b4 44. Nc6 Ra2 45.
Ne7+ Ke4 46. Re6+ Kd3 47. Nf5 Rbb2 48. Rd6+ Ke4 49. Ng3+ Ke5 0-1

[Event "4NCL Online Division 3"]
[Site "online"]
[Date "2020.05.26"]
[Round "8.162"]
[White "Pincheira Sarmiento, Bernardo"]
[Black "Sloan, Cecil"]
[Result "0-1"]
[WhiteElo "1795"]
[BlackElo "1735"]
[PlyCount "80"]
[EventDate "2020.05.26"]
[WhiteTeam "Nottingham University 1"]
[BlackTeam "Watford 2"]

1. d4 Nf6 2. c4 e6 3. Nf3 Bb4+ 4. Bd2 Qe7 5. a3 Bxd2+ 6. Nbxd2 d6 7. e3 O-O 8.
Bd3 a5 9. Qc2 Nbd7 10. O-O e5 11. dxe5 Nxe5 12. Nxe5 dxe5 13. Ne4 Nxe4 14. Bxe4
g6 15. Rad1 c6 16. Rd2 Be6 17. Rfd1 Rfd8 18. Rxd8+ Rxd8 19. Rxd8+ Qxd8 20. Qd3
Qxd3 21. Bxd3 f5 22. c5 e4 23. Be2 Kf7 24. Kf1 Kf6 25. Bd1 Ke5 26. Ke1 Bc4 27.
b3 Bd3 28. Kd2 Kd5 29. b4 axb4 30. Bb3+ Bc4 31. Bxc4+ Kxc4 32. axb4 Kxb4 33. f3
Kxc5 34. Kc3 b5 35. f4 b4+ 36. Kb3 Kb5 37. h3 c5 38. g4 c4+ 39. Kb2 Ka4 40.
gxf5 gxf5 0-1